000 01255nam a22002417a 4500
999 _c57382
_d57382
003 Ge_BSU
005 20200615105857.0
008 200615s2019 ge ||||| |||| 00| 0 geo d
020 _a9789941044366
041 _ageo
080 _a614.2 (075.5) გ-35
100 _aგერზმავა, ოთარ.
_98385
245 _aსაზოგადოებრივი ჯანდაცვა და მენეჯმენტი :
_bსახელმძღვ. სტუდენტებისა და ექიმებისათვის /
_cოთარ გერზმავა ; რედ. ჯანგირ მამალაძე.
250 _aმეხუთე შესწორებული და განახლებული გამ-მა
264 _aთბ.,
_c2012.
300 _a576 გვ.
_b30 სმ.
504 _aბიბლიოგრ. თავების ბოლოს
653 _aმედიცინა
653 _aჯანმრთელობის დაცვა
653 _aჯანმრთელობის დაცვის მენეჯმენტი
700 _aმამალაძე, ჯანგირ
_eრედაქტორი
_98386
942 _2udc
_cBK